00790nam a2200217 i 450000100060000000300090000600500170001500700030003200800410003510000270007624501220010325000150022526000330024030000210027349000370029470000250033183000450035685200320040199900170043395201220045065313ES-MaACL20230906165338.0t|040112s1972 sp ||||1| spa d1 aFreinet, Elise.95245310a¿Cuál es la parte del maestro? ¿Cuál es la parte del niño? / cElise Freinet ; [traducción de, Juan Samit]. a[1ª ed.]. aBarcelona : bLaia, c[1972] a85 p. ; c17 cm.1 aBiblioteca escuela moderna ; v71 aSamit, Juan.91021750 aBiblioteca escuela moderna ; v79182957 aES-MaACLjC-43882 bR.82855 c65313d65313 00104070aATENEOMbATENEOMcDEPO2d2008-01-17eSCl0oC-43882p1068427r2023-02-23 00:00:00w2023-02-23yMONOGRAFIA